000 02059nam a2200361 c 4500
999 _c11803
_d11803
003 BLK
005 20200311091306.0
008 180412b bul|||||r ||||||| ||bul||
010 _aKNG00013365000
040 _aBLK
041 _aBUL
_cBUL
080 _aУправление на предприятията. Организация на производството, търговията, транспорта и съобщенията. Полиграфическа промишленост и издателско дело
_b005
_x.012(075.8)
_z005.012(075.8)
080 _aФорми на предприятията в зависимост от отношението към собствеността...
_b334.72
_x.008(075.8)
_z334.72.008(075.8)
100 1 _aКаменов, Камен Цветанов
_eпърви автор
_9363637
139 _aКаменов, Камен Цветанов и др.
_bК 23
245 1 0 _aУправленска диагностика
_b[Учебник за студентите от Стоп. акад. Д. А. Ценов - Свищов]
_cКамен Цветанов Каменов; съавт. Стайко Белоконски.
257 _aBGR
260 _bАкад. изд. Д. А. Ценов
_c1995
300 _a130 с.
_bсъс сх., табл.
_c23 см
380 _a0
500 _aИзд. на Стоп. акад. Д. А. Ценов - Свищов ; 500 тир
650 4 _aФирми - управление - учебници за ВУЗ
_9243009
650 4 _aУправление - фирми - учебници за ВУЗ
_9243008
650 4 _aРъководител - стил и методи на работа - учебници за ВУЗ
_9256886
650 4 _aУправленски труд - учебници за ВУЗ
_9243011
653 _aдиагностика
700 1 _aБелоконски, Стайко
_eсъавт.
_9256885
852 _aЦб 189633
856 4 _qpdf
_u
856 4 _qpdf
_u
942 _cKNG
_n0
_s1
944 _aCR
_c15.01.2003
_kРенета_Константинова
944 _aED
_c04.11.2014
999 _d11803